000 00679nam a2200205Ia 4500
005 20241216011514.0
008 190429s9999||||xx |||||||||||||| ||und||
082 _a659.11
_bR77
100 _aROJAS MORALES ROCIO JANETH, RAJO SINCHE DINO JOEL
245 0 _aLA PUBLICIDAD Y SU INCIDENCIA EN EL CRECIMIENTO Y DESARROLLO EMPRESARIAL DE LAS PYMES DE CERRO DE PASCO
250 _a0
260 _aCERRO DE PASCO-PERU
_bUNDAC
_c2003
300 _a84 pag.
_c30 cm.
341 _h0
490 _v0
_a0
505 _aPLANTEAMIENTO/PROBLEMA/MARCO/TEORICO/METODOLOGIA/TECNICAS
541 _aD
_bROJAS MORALES, ROCIO J.
_d21-Mar-03
_oSoles
650 _aAdministración
942 _cTESIS
999 _c43744
_d43744